| 000 | 00675nam a22002057a 4500 | ||
|---|---|---|---|
| 001 | 00028666 | ||
| 005 | 20260330103619.0 | ||
| 008 | 260330b ag ||||| |||| 00| 0 spa d | ||
| 020 | _a9789871309603 | ||
| 040 |
_bspa _cAR-CcCEOS |
||
| 080 | _a918(82) | ||
| 090 | _bREC | ||
| 100 | 1 |
_aRecalde, Héctor _9988 |
|
| 245 |
_aLas presidencias de Néstor Carlos Kirchner y Cristina Fernández de Kirchner (2003-2015) : _bDe la larga década kirchnerista al triunfo de la nueva derecha / _cHéctor E. Recalde |
||
| 250 | _a1ª ed. | ||
| 260 |
_aBuenos Aires : _bGrupo Editor Universitario, _c2018. |
||
| 300 |
_a144 p. ; _c24x19 cm. |
||
| 650 | 0 | _ahistoria | |
| 942 |
_2udc _cBK |
||
| 999 |
_c28699 _d28699 |
||
| 945 |
_a66467 _bMelina Rolando _c66467 _dMelina Rolando |
||